<?xml version="1.0" encoding="UTF-8"?>
<record
    xmlns:xsi="http://www.w3.org/2001/XMLSchema-instance"
    xsi:schemaLocation="http://www.loc.gov/MARC21/slim http://www.loc.gov/standards/marcxml/schema/MARC21slim.xsd"
    xmlns="http://www.loc.gov/MARC21/slim">

  <leader>01869    a2200265   4500</leader>
  <controlfield tag="001">34773</controlfield>
  <controlfield tag="005">20260407155633.0</controlfield>
  <controlfield tag="008">260407a2001    arg                 spa d</controlfield>
  <controlfield tag="003">AR-UNSa-BCEJYS</controlfield>
  <datafield tag="040" ind1=" " ind2=" ">
    <subfield code="a">AR-UNSa-BCEJYS</subfield>
    <subfield code="b">spa</subfield>
    <subfield code="c">AR-UNSa-BCEJYS</subfield>
  </datafield>
  <datafield tag="080" ind1=" " ind2=" ">
    <subfield code="a">658.15</subfield>
    <subfield code="x">Administraci&#xF3;n financiera privada. Gesti&#xF3;n financiera de empresas
</subfield>
  </datafield>
  <datafield tag="245" ind1="1" ind2="0">
    <subfield code="a">Administraci&#xF3;n financiera</subfield>
    <subfield code="p">teor&#xED;a y pr&#xE1;ctica</subfield>
  </datafield>
  <datafield tag="020" ind1=" " ind2=" ">
    <subfield code="a">958-699-024-9</subfield>
  </datafield>
  <datafield tag="250" ind1=" " ind2=" ">
    <subfield code="a">2a. ed</subfield>
  </datafield>
  <datafield tag="264" ind1=" " ind2="1">
    <subfield code="a">Buenos Aires :</subfield>
    <subfield code="b">Pearson Educaci&#xF3;n</subfield>
    <subfield code="c">2001</subfield>
  </datafield>
  <datafield tag="300" ind1=" " ind2=" ">
    <subfield code="a">570 p.</subfield>
    <subfield code="c">26 cm.</subfield>
  </datafield>
  <datafield tag="505" ind1=" " ind2=" ">
    <subfield code="a">Parte I.: El mundo de las finanzas: 1. Las finanzas y las empresas - 2. Los mercados finaniceros y las tasas de inter&#xE9;s - 3. Instituciones financieras - Parte II.: 4. Repaso de contabilidad - 5. An&#xE1;lisis de los estados financieros - 6. Pron&#xF3;sticos para la planeaci&#xF3;n financiera - 7. Riesgo y retorno - 8. El valor del dinero en el tiempo - 9. Valoraci&#xF3;n de bonos y acciones - Parte III.: Financiaci&#xF3;n a largo plazo : 10. M&#xE9;todos para la toma de decisiones sobre prespuestaci&#xF3;n de capital - 11. Estimaci&#xF3;n de los fljos de efectivo incrementales - 12. El costo de capital - 13. Fundamentos de la estructura de capital - 14. Bonos corporativos, acciones preferenciales y leasing - 15. Acciones ordinarias - 16. Pol&#xED;tica de dividendos - Parte IV.: Financiaci&#xF3;n a corto plazo : 17. Pol&#xED;tica del capital de trabajo - 18. Administraci&#xF3;n del efectivo - 19. Cuentas por cobrar e inventarios - 20. Financiaci&#xF3;n a corto plazo - Parte V.: Las finanzas en una econom&#xED;a global: 21. Finanzas internacionales.</subfield>
  </datafield>
  <datafield tag="942" ind1=" " ind2=" ">
    <subfield code="c">BK</subfield>
  </datafield>
  <datafield tag="590" ind1=" " ind2=" ">
    <subfield code="a">niveau_biblio:m niveau_hierar:0</subfield>
  </datafield>
  <datafield tag="100" ind1="1" ind2=" ">
    <subfield code="a">Gallagher, Timothy J.</subfield>
  </datafield>
  <datafield tag="700" ind1="1" ind2=" ">
    <subfield code="a">Andrew, Joseph D., Jr.</subfield>
  </datafield>
  <datafield tag="700" ind1="1" ind2=" ">
    <subfield code="a">Cano, Leonardo</subfield>
  </datafield>
  <datafield tag="700" ind1="1" ind2=" ">
    <subfield code="a">Romero, Antonio</subfield>
  </datafield>
  <datafield tag="856" ind1="4" ind2="1">
    <subfield code="u">https://biblioeco.unsa.edu.ar/pmb/images/libros/L87120.jpg</subfield>
    <subfield code="y">Imagen de portada</subfield>
    <subfield code="q">image/jpeg</subfield>
  </datafield>
  <datafield tag="999" ind1=" " ind2=" ">
    <subfield code="c">2492</subfield>
    <subfield code="d">2492</subfield>
  </datafield>
  <datafield tag="952" ind1=" " ind2=" ">
    <subfield code="0">0</subfield>
    <subfield code="1">0</subfield>
    <subfield code="4">0</subfield>
    <subfield code="7">0</subfield>
    <subfield code="a">BCEJYS</subfield>
    <subfield code="b">BCEJYS</subfield>
    <subfield code="c">16</subfield>
    <subfield code="d">2026-04-07</subfield>
    <subfield code="l">0</subfield>
    <subfield code="o">658.15 G162 2ed.</subfield>
    <subfield code="p">L87120</subfield>
    <subfield code="r">2026-04-07 15:56:33</subfield>
    <subfield code="w">2026-04-07</subfield>
    <subfield code="y">L</subfield>
  </datafield>
</record>
